Statistics for Quiz Social Medias

Click here to take the quiz!

General Stats

  • This quiz has been taken 44 times
  • The average score is 9 of 10

Answer Stats

Answer% Correct
Facebook
100%
Youtube
100%
Instagram
97%
Twitter
97%
Snapchat
94%
Pinterest
92%
Tiktok
92%
Whatsapp
89%
Messenger
83%
Line
72%

Score Distribution

Percentile by Number Answered

Percent of People with Each Score

Your Score History

You have not taken this quiz